Բալլադ մարդու մասին : (Record no. 95686)
[ view plain ]
| 000 -LEADER | |
|---|---|
| fixed length control field | 00636nam a2200181 u 4500 |
| 001 - CONTROL NUMBER | |
| control field | 000263811 |
| 003 - CONTROL NUMBER IDENTIFIER | |
| control field | AM-YeHGA |
| 005 - DATE AND TIME OF LATEST TRANSACTION | |
| control field | 20250618071748.0 |
| 008 - FIXED-LENGTH DATA ELEMENTS--GENERAL INFORMATION | |
| fixed length control field | 030919s1958 ai r 000 0 arm d |
| 040 ## - CATALOGING SOURCE | |
| Original cataloging agency | AM-YeHGA |
| 090 ## - LOCALLY ASSIGNED LC-TYPE CALL NUMBER (OCLC); LOCAL CALL NUMBER (RLIN) | |
| -- | 96989 |
| 100 1# - MAIN ENTRY--PERSONAL NAME | |
| Personal name | Պետրոսյան, Վարդգես Համազասպի, |
| Dates associated with a name | 1932-1994 |
| 9 (RLIN) | 1431 |
| 245 10 - TITLE STATEMENT | |
| Title | Բալլադ մարդու մասին : |
| Remainder of title | [Բանաստեղծություններ] / |
| Statement of responsibility, etc. | Վ. Պետրոսյան. |
| 260 ## - PUBLICATION, DISTRIBUTION, ETC. | |
| Place of publication, distribution, etc. | Երևան : |
| Name of publisher, distributor, etc. | Հայպետհրատ, |
| Date of publication, distribution, etc. | 1958. |
| 300 ## - PHYSICAL DESCRIPTION | |
| Extent | 50 էջ ; |
| Dimensions | 18 սմ. |
| 440 #0 - SERIES STATEMENT/ADDED ENTRY--TITLE | |
| Title | Առաջին գիրք |
| 650 14 - SUBJECT ADDED ENTRY--TOPICAL TERM | |
| Topical term or geographic name entry element | Հայ գրականություն |
| General subdivision | Չափածո |
| Withdrawn status | Lost status | Damaged status | Not for loan | Collection | Home library | Current library | Date acquired | Total checkouts | Full call number | Barcode | Date last seen | Cost, replacement price | Price effective from | Koha item type | Public note |
|---|---|---|---|---|---|---|---|---|---|---|---|---|---|---|---|
| General | Fundamental Scientific Library | Fundamental Scientific Library | 22/12/2016 | AI/5892 | FL0041596 | 22/12/2016 | 70.00 | 22/12/2016 | Գրքեր / Books | 30 Days Loan | |||||
| General | Fundamental Scientific Library | Fundamental Scientific Library | 22/12/2016 | AI/5893 | FL0041597 | 22/12/2016 | 70.00 | 22/12/2016 | Գրքեր / Books | 30 Days Loan | |||||
| General | Fundamental Scientific Library | Fundamental Scientific Library | 22/12/2016 | AI/5894 | FL0041598 | 22/12/2016 | 70.00 | 22/12/2016 | Գրքեր / Books | 30 Days Loan |
ՀՀ Գիտությունների ազգային ակադեմիայի հիմնարար գիտական գրադարան = Fundamental Scientific Library of NAS RA
All site content, except where otherwise noted, is licensed under a